000 00356nam a22001457a 4500
003 OSt
008 240221b |||||||| |||| 00| 0 eng d
020 _a9789387944763
100 _aYAGER,JAN
245 _aHow to Finish Everything You Start
250 _a11th IMP
260 _aNew Delhi
_bJaico Publishing House
_c2024
300 _a237
942 _2ddc
_cBK
999 _c12222
_d12222